00940nam a2200241 a 450000100100000000500170001000800410002704000130006808200180008124500540009926000400015330000280019349000390022159000390026065000340029965000280033365000310036183000460039204900090043895201150044795201210056299900150068300000868620240412074208.0090918s1997 dr a 000 m spa d aDO-SdBNP aRD868.4bE74i00aEscritos inéditos de Virgilio Díaz Grullón. aSanto DomingofSoto Castilloc1997. a142 p. :bil. ;c21 cm.1 aAntología de Nuestra Vozvno. 54 aPremio Nacional de Literatura 1997 4aAnálisis del discurso92282 0aPoesía dominicana966 0aLiteratura dominicana.967 0aAntología de Nuestra Vozvno. 54923130 aBNPD 0010718PDaPDbPDcCTd2009-09-18iLF1l0oRD868.4 E74ip8686-10r2020-06-25w2020-06-25yLFPDZNo se presta 0010718PDaPDbPDcCTd2009-09-18iLF1l0oRD868.4 E74ip8686-20r2020-06-25te. 2w2020-06-25yLFPDZNo se presta c8456d8456